000 01212cam a2200325 i 4500
001 28234
003 Mx-PuUPA
005 20241023113610.0
008 140415s1983 mx d gr 000 0 spa d
020 _a9681613228
040 _cMx-PuUPA
_aMx-PuUPA
_bspa
_dMx-PuUPA
_erda
041 0 _aspa
245 0 0 _aRelaciones financieras externas y su efecto en la economía latinoamericana /
_cselección de Ricardo Ffrench-Davis
246 1 4 _aLas relaciones financieras externas :
_bsu efecto en la economía latinoamericana.
250 _aPrimera edición
264 1 _aMéxico, D.F :
_bFondo de Cultura Económica;
_c1983
300 _a430 páginas :
_bgráficas ;
_c21 cm
336 _2rdacontent
_atexto
_btxt
337 _2rdamedia
_asin medio
_bn
338 _2rdacarrier
_avolumen
_bnc
490 _aLecturas ;
_v47
650 7 _913986
_2armarc
_aEconomía
_zAmérica Latina
650 7 _2armarc
_aFinanzas internacionales
_zAmérica Latina
651 4 _aAmérica Latina
_xCondiciones económicas
700 1 _aFfrench-Davis, Ricardo,
_eeditor
942 _2ddc
_cLI
_h330.98
_iR382
999 _c28234
_d28234